Antioxidant and antiproliferative activities of polygonum minus, Alpinia galanga and Etlingera elatior /
محفوظ في:
| المؤلف الرئيسي: | |
|---|---|
| التنسيق: | أطروحة فصل الكتاب |
| اللغة: | English |
| منشور في: |
2017.
|
| الموضوعات: | |
| الوسوم: |
إضافة وسم
لا توجد وسوم, كن أول من يضع وسما على هذه التسجيلة!
|
| LEADER | 01134caa a2200313 i 4500 | ||
|---|---|---|---|
| 001 | u1077351 | ||
| 003 | SIRSI | ||
| 005 | 201803131022 | ||
| 008 | 180313s2017 my ad m 000 0 eng | ||
| 040 | |a UMP |e rda | ||
| 096 | |a QU4 |b UM 2017 Mohza | ||
| 100 | 0 | |a Mohamad Zakkirun Abdullah, |e author. | |
| 245 | 1 | 0 | |a Antioxidant and antiproliferative activities of polygonum minus, Alpinia galanga and Etlingera elatior / |c Mohamad Zakkirun Abdullah. |
| 264 | 1 | |c 2017. | |
| 264 | 4 | |c 2017. | |
| 300 | |a xix, 137 leaves : |b illustration ; |c 30cm. | ||
| 336 | |a text |2 rdacontent | ||
| 337 | |a unmediated |2 rdamedia | ||
| 338 | |a volume |2 rdacarrier | ||
| 502 | |b M.Med.Sc. |c Department of Molecular Medicine, Faculty of Medicine, University of Malaya |d 2017. | ||
| 504 | |a Bibliography: leaves 111-129. | ||
| 650 | 1 | 2 | |a Alpinia. |
| 650 | 2 | 2 | |a Polygonum. |
| 650 | 2 | 2 | |a Antioxidants. |
| 650 | 2 | 2 | |a Elettaria. |
| 710 | 2 | 0 | |a Universiti Malaya. |b Jabatan Perubatan Molekul, |e degree granting institution. |
| 902 | |a RAH | ||
| 596 | |a 2 | ||
| 999 | |a QU4 UM 2017 MOHZA |w NLM |c 1 |i A517050755 |d 3/5/2018 |f 3/5/2018 |g 1 |l TESIS |m P02MEDKL |r Y |s Y |t TESIS |u 3/5/2018 |1 STEM | ||
